Двухканальная система стабилизации потока органической фазы каскада колонн с частотным управлением насосами; Современные техника и технологии; Т. 2

Bibliographic Details
Parent link:Современные техника и технологии: сборник трудов XX международной научно-практической конференции студентов, аспирантов и молодых ученых, Томск, 14-18 апреля 2014 г./ Национальный исследовательский Томский политехнический университет (ТПУ).— , 2014
Т. 2.— 2014.— [С. 177-178]
Main Author: Иванов К. А. Константин Александрович
Corporate Author: Национальный исследовательский Томский политехнический университет
Other Authors: Горюнов А. Г. Алексей Германович (научный руководитель)
Summary:Заглавие с титульного экрана
Language:Russian
Published: 2014
Series:Информатика и управление в технических системах
Subjects:
Online Access:http://earchive.tpu.ru/handle/11683/20797
http://www.lib.tpu.ru/fulltext/c/2014/C01/V2/086.pdf
Format: Electronic Book Chapter
KOHA link:https://koha.lib.tpu.ru/cgi-bin/koha/opac-detail.pl?biblionumber=606864

MARC

LEADER 00000naa2a2200000 4500
001 606864
005 20260306105222.0
035 |a (RuTPU)RU\TPU\conf\4243 
035 |a RU\TPU\conf\4242 
090 |a 606864 
100 |a 20140619d2014 k y0rusy50 ca 
101 0 |a rus 
102 |a RU 
135 |a drcn ---uucaa 
181 0 |a i  
182 0 |a b 
200 1 |a Двухканальная система стабилизации потока органической фазы каскада колонн с частотным управлением насосами  |f К. А. Иванов  |g науч. рук. А. Г. Горюнов 
203 |a Текст  |c электронный 
225 1 |a Информатика и управление в технических системах 
300 |a Заглавие с титульного экрана 
320 |a [Библиогр.: с. 178 (3 назв.)] 
337 |a Adobe Reader 
461 1 |0 (RuTPU)RU\TPU\conf\3687  |t Современные техника и технологии  |o сборник трудов XX международной научно-практической конференции студентов, аспирантов и молодых ученых, Томск, 14-18 апреля 2014 г.  |o в 3 т.  |f Национальный исследовательский Томский политехнический университет (ТПУ)   |d 2014 
463 1 |0 (RuTPU)RU\TPU\conf\3689  |t Т. 2  |v [С. 177-178]  |d 2014 
610 1 |a труды учёных ТПУ 
610 1 |a электронный ресурс 
610 1 |a фазы 
610 1 |a потоки 
610 1 |a системы стабилизации 
610 1 |a каскады 
610 1 |a колонны 
610 1 |a частотное управление 
610 1 |a насосы 
700 1 |a Иванов  |b К. А.  |c специалист в области информатики и вычислительной техники  |c программист Томского политехнического университета  |g Константин Александрович  |3 (RuTPU)RU\TPU\pers\31780 
702 1 |a Горюнов  |b А. Г.  |c специалист в области автоматического управления  |c доцент Томского политехнического университета, кандидат технических наук  |f 1979-  |g Алексей Германович  |4 727 
712 0 2 |a Национальный исследовательский Томский политехнический университет  |c (2009- )  |9 26305 
801 2 |a RU  |b 63413507  |c 20210310  |g RCR 
856 4 |u http://earchive.tpu.ru/handle/11683/20797 
856 4 |u http://www.lib.tpu.ru/fulltext/c/2014/C01/V2/086.pdf 
942 |c CF